| 000 | 00576nam a2200205 a 4500 | ||
|---|---|---|---|
| 005 | 20260322212007.0 | ||
| 008 | data | ||
| 010 | _a87-029395 | ||
| 020 | _a0070092141 | ||
| 020 | _a9780070092143 | ||
| 096 | _aWY 152 N9742 1988 | ||
| 245 | 1 | 0 |
_aNursing and the aged : _ba self-care approach _cIrene Mortenson Burnside. |
| 250 | _a3rd ed. | ||
| 260 |
_aNew York _bMcGraw-Hill _cc1988 |
||
| 300 |
_axiii, 1085 p. : _b ill., maps, port. ; _c 25 cm. |
||
| 650 | 0 | 2 | _aGeriatric Nursing |
| 650 | 0 | 2 | _aNurse-Patient Relations |
| 700 | 1 |
_aBurnside, Irene Mortenson, _d1923- |
|
| 001 | data | ||
| 999 |
_c130 _d130 |
||